[Event "Cap d'Agde op"]
[Site "Cap d'Agde"]
[Date "2006.10.28"]
[Round "4"]
[White "Aliphat, Pierre"]
[Black "Dugardin, Patrick"]
[Result "1-0"]
[WhiteElo "1570"]
[BlackElo "1690"]
[PlyCount "97"]
[EventDate "2006.10.26"]
[EventType "swiss"]
[EventRounds "9"]
[EventCountry "FRA"]
[SourceTitle "EXT 2007"]
[Source "ChessBase"]
[SourceDate "2006.11.23"]
[SourceVersion "1"]
[SourceVersionDate "2006.11.23"]
[SourceQuality "1"]

1. c4 c5 2. Nc3 Nc6 3. Nf3 d6 4. d4 cxd4 5. Nxd4 Bd7 6. g3 Nxd4 7. Qxd4 Bc6 8. e4 e5 9. Qd3 Be7 10. Nd5 Nf6 11. Bg2 Nxd5 12. cxd5 Bd7 13. 0-0 a6 14. b3 Bb5 15. Qf3 Bxf1 16. Bxf1 0-0 17. Qg4 Qc8 18. Qe2 Qd7 19. Qe1 Rac8 20. Qd1 Bf6 21. Be2 Qe7 22. Bg4 Rb8 23. h4 Kh8 24. h5 Bg5 25. Bb2 Bh6 26. Kg2 b5 27. Qe2 Rbe8 28. Bf5 Qa7 29. Bc1 Bxc1 30. Rxc1 Re7 31. Rc6 Rd8 32. Qc2 Qa8 33. Qc1 Ra7 34. g4 Kg8 35. h6 f6 36. g5 g6 37. Be6+ Kf8 38. gxf6 Qb8 39. f4 exf4 40. Qxf4 a5 41. f7 Rc7 42. Qf6 Rxc6 43. dxc6 Qc7 44. Kf3 Qb8 45. Bd5 a4 46. b4 Qc8 47. Kg3 Qb8 48. Qg7+ Ke7 49. f8Q# 1-0

[Event "Pic d'Anie op 1st"]
[Site "Arette"]
[Date "2004.08.??"]
[Round "5"]
[White "Romieu, Jean Louis"]
[Black "Dugardin, Patrick"]
[Result "1/2-1/2"]
[WhiteElo "1962"]
[BlackElo "1902"]
[PlyCount "66"]
[EventDate "2004.08.??"]
[EventType "swiss"]
[EventRounds "7"]
[EventCountry "FRA"]
[SourceTitle "EXT 2007"]
[Source "ChessBase"]
[SourceDate "2006.11.23"]
[SourceVersion "1"]
[SourceVersionDate "2006.11.23"]
[SourceQuality "1"]

1. e4 e6 2. d4 d5 3. Nc3 dxe4 4. Nxe4 Nd7 5. Nf3 Ngf6 6. Nxf6+ Nxf6 7. Bd3 b6 8. Qe2 Bb7 9. c3 Be7 10. Bg5 0-0 11. 0-0 Bxf3 12. Qxf3 Qd5 13. Qxd5 Nxd5 14. Bxe7 Nxe7 15. Rfe1 Rad8 16. Be4 Nd5 17. Rad1 Nf6 18. Bf3 Rd6 19. g3 Rfd8 20. a4 a5 21. Kf1 Kf8 22. Be2 h6 23. f4 g5 24. fxg5 hxg5 25. Kf2 Kg7 26. Ke3 Rh8 27. Rh1 Rd5 28. Rdf1 g4 29. Rf4 Rdh5 30. Rf2 Nd5+ 31. Kd2 Nf6 32. Ke3 Nd5+ 33. Kd2 Nf6 1/2-1/2

[Event "Mulhouse FIDE"]
[Site "Mulhouse"]
[Date "2002.07.13"]
[Round "7"]
[White "Dugardin, Patrick"]
[Black "Blum, Pierre"]
[Result "1-0"]
[WhiteElo "1910"]
[BlackElo "1870"]
[PlyCount "109"]
[EventDate "2002.??.??"]
[EventType "tourn"]
[EventRounds "11"]
[EventCountry "FRA"]
[SourceTitle "EXT 2003"]
[Source "ChessBase"]
[SourceDate "2002.11.25"]
[SourceVersion "1"]
[SourceVersionDate "2002.11.25"]
[SourceQuality "1"]

1. d4 Nf6 2. Nf3 b5 3. Bf4 Bb7 4. e3 a6 5. Bd3 e6 6. 0-0 Be7 7. h3 c5 8. c3 c4 9. Bc2 0-0 10. Nbd2 d5 11. Re1 Nbd7 12. e4 Nb6 13. Qb1 b4 14. e5 bxc3 15. bxc3 Nh5 16. Bxh7+ Kh8 17. Be3 f5 18. exf6 Nxf6 19. Bg6 Ne8 20. Ne5 Nd6 21. Bh5 Rf5 22. Bg4 Na4 23. Bxf5 exf5 24. Ng6+ Kg8 25. Nxe7+ Qxe7 26. Qb4 Qd7 27. Bg5 a5 28. Qa3 Ne4 29. Nxe4 fxe4 30. Rab1 Bc6 31. Re3 Rf8 32. Qe7 Qf5 33. Bh4 Qc8 34. Rg3 Rf7 35. Qd8+ Qxd8 36. Bxd8 Ra7 37. Rb8 Kf7 38. Rc8 Rd7 39. Bxa5 Bb7 40. Rc7 Rxc7 41. Bxc7 Nb2 42. h4 Nd1 43. a4 e3 44. fxe3 Nxc3 45. Rf3+ Ke6 46. a5 Ne4 47. Rf1 Kd7 48. Be5 g6 49. g4 c3 50. Rc1 Ba6 51. h5 gxh5 52. gxh5 Bd3 53. h6 c2 54. Rxc2 Bxc2 55. h7 1-0

[Event "Hautes Alpes op 2nd"]
[Site "Laragne"]
[Date "2001.??.??"]
[Round "5"]
[White "Dugardin, Patrick"]
[Black "Mazoyer, Eric"]
[Result "0-1"]
[WhiteElo "1820"]
[BlackElo "1690"]
[PlyCount "32"]
[EventDate "2001.04.17"]
[EventType "swiss"]
[EventRounds "7"]
[EventCountry "FRA"]
[SourceTitle "EXT 2003"]
[Source "ChessBase"]
[SourceDate "2002.11.25"]
[SourceVersion "1"]
[SourceVersionDate "2002.11.25"]
[SourceQuality "1"]

1. d4 Nf6 2. Nf3 e6 3. g3 d5 4. Bg2 c5 5. 0-0 Nc6 6. c4 dxc4 7. Qa4 a6 8. Ne5 Nd5 9. Nc3 cxd4 10. Nxd5 exd5 11. Nxc6 Qd7 12. Bxd5 b5 13. Bxf7+ Qxf7 14. Qd1 Bc5 15. Nxd4 Bh3 16. Qc2 Qd5 0-1

[Event "Hautes Alpes op 2nd"]
[Site "Laragne"]
[Date "2001.??.??"]
[Round "4"]
[White "Heran, Raphael"]
[Black "Dugardin, Patrick"]
[Result "1-0"]
[WhiteElo "2165"]
[BlackElo "1820"]
[PlyCount "63"]
[EventDate "2001.04.17"]
[EventType "swiss"]
[EventRounds "7"]
[EventCountry "FRA"]
[SourceTitle "EXT 2003"]
[Source "ChessBase"]
[SourceDate "2002.11.25"]
[SourceVersion "1"]
[SourceVersionDate "2002.11.25"]
[SourceQuality "1"]

1. e4 e6 2. Nc3 d5 3. Nf3 dxe4 4. Nxe4 Nd7 5. d4 Ngf6 6. Nxf6+ Nxf6 7. Bd3 b6 8. Ne5 Bb7 9. Bb5+ c6 10. Qf3 Qd5 11. Qxd5 Nxd5 12. Ba4 b5 13. Bb3 c5 14. dxc5 Bxc5 15. 0-0 Bd6 16. Nd3 0-0 17. c3 h6 18. a4 a6 19. Bd1 Nb6 20. axb5 axb5 21. Rxa8 Rxa8 22. Be2 Nc4 23. Rd1 Bc6 24. Kf1 Kf8 25. Ne1 Ke7 26. Nc2 e5 27. b3 Na5 28. c4 bxc4 29. Ne3 Bc7 30. Ba3+ Ke8 31. Nf5 f6 32. Bh5+ 1-0